| 000 | 01434nam a2200421 i 4500 | ||
|---|---|---|---|
| 001 | 9251 | ||
| 003 | KOSZ 005 | ||
| 005 | 20200417111521.0 | ||
| 008 | 071201s1970 pl a f 001 0 pol | ||
| 015 | _aPB 1971/2863 | ||
| 035 | _a(PL-WaBN)b20373144-48omnis_nlop | ||
| 035 | _ab20373144 | ||
| 035 | _a(OCoLC)68671338 | ||
| 035 | _a(PL)b0000020373144 | ||
| 040 |
_aWA N _cWA N _dKOSZ 005/RW |
||
| 046 | _k1962 | ||
| 080 | _a159.9 | ||
| 100 | 1 |
_aSzewczuk, Włodzimierz _d(1913-2002) _eAutor |
|
| 245 | 1 | 0 |
_aPsychologia : _bzarys podręcznikowy. _nT. 1 / _cWłodzimierz Szewczuk. |
| 250 | _aWydanie 3 zmienione i rozszerzone. | ||
| 260 |
_aWarszawa : _bPaństwowe Zakłady Wydawnictw Szkolnych, _c1970. |
||
| 300 |
_a496 stron, [1] karta tablic : _bilustracje ; _c25 cm. |
||
| 336 |
_aTekst _btxt _2rdacontent |
||
| 337 |
_aBez urządzenia pośredniczącego _bn _2rdamedia |
||
| 338 |
_aWolumin _bnc _2rdacarrier |
||
| 380 | _aKsiążki | ||
| 388 | _a1901-2000 | ||
| 504 | _aBibliografia na stronach [467]-479. Indeks. | ||
| 658 | _aPsychologia | ||
| 650 | 7 | _aUkład nerwowy | |
| 650 | 7 | _aMetody | |
| 650 | 7 |
_aPsychologia _2DBN |
|
| 655 | 7 |
_aPodręcznik _2DBN |
|
| 710 | 2 |
_aPaństwowe Zakłady Wydawnictw Szkolnych _4pbl |
|
| 856 |
_uhttp://koha.tu.koszalin.pl/cgi-bin/koha/opac-detail.pl?biblionumber=9251 _yKatalog online BPK |
||
| 942 |
_2UKD _cKS |
||
| 999 |
_c9251 _d9251 |
||